[Event "Kosovo-chT"]
[Site "Pristina"]
[Date "2021.05.19"]
[Round "6.1"]
[White "Fejzullahu, Afrim"]
[Black "Gashi, Blerim"]
[Result "1-0"]
[WhiteElo "2256"]
[BlackElo "2020"]
[PlyCount "87"]
[EventDate "2021.05.15"]
[EventType "team-tourn"]
[EventRounds "7"]
[EventCountry "KOS"]
[SourceTitle "CBM 202 Extra"]
[Source "ChessBase"]
[SourceDate "2021.07.31"]
[SourceVersion "1"]
[SourceVersionDate "2021.07.31"]
[SourceQuality "1"]
[WhiteTeam "Drejtesia"]
[BlackTeam "Prishtina"]
[WhiteTeamCountry "KOS"]
[BlackTeamCountry "KOS"]

1. d4 Nf6 2. c4 e6 3. Nf3 d5 4. Nc3 h6 5. Bf4 Bd6 6. Bd2 a6 7. c5 Be7 8. b4 0-0 9. Bf4 Nc6 10. a3 b6 11. e3 bxc5 12. bxc5 Nh5 13. Ne5 Nxe5 14. Bxe5 Nf6 15. Bd3 Nd7 16. Bg3 Bb7 17. Rb1 Bc6 18. 0-0 Bh4 19. Qe2 Bxg3 20. hxg3 e5 21. Bf5 exd4 22. exd4 Nf6 23. Rfe1 Re8 24. Qd2 Rxe1+ 25. Qxe1 Kf8 26. a4 g6 27. Bd3 Nd7 28. Qe3 Kg7 29. a5 Qf6 30. Qf4 Qxf4 31. gxf4 Nf8 32. g3 Ne6 33. Rb4 f5 34. Kf1 Nd8 35. Ke2 Nb7 36. Rb3 Kf6 37. Ra3 h5 38. Kd2 Nd8 39. Rb3 Ne6 40. Ne2 Ke7 41. Rb4 Nd8 42. Ng1 Bd7 43. Kc3 h4 44. gxh4 1-0

[Event "EU-Cup 35th"]
[Site "Ulcinj"]
[Date "2019.11.16"]
[Round "7.27"]
[White "Lantini, Marco"]
[Black "Gashi, Blerim"]
[Result "1-0"]
[WhiteElo "2050"]
[BlackElo "2012"]
[PlyCount "89"]
[EventDate "2019.11.10"]
[EventType "team-swiss"]
[EventRounds "7"]
[EventCountry "MNE"]
[SourceTitle "EXT 2021"]
[Source "ChessBase"]
[SourceDate "2020.10.23"]
[SourceVersion "1"]
[SourceVersionDate "2020.10.23"]
[SourceQuality "1"]
[WhiteTeam "Arrocco"]
[BlackTeam "Prishtina"]
[WhiteTeamCountry "ITA"]
[BlackTeamCountry "KOS"]

1. Nf3 Nf6 2. c4 c5 3. b3 Nc6 4. Bb2 e6 5. g3 d5 6. Bg2 d4 7. 0-0 Be7 8. e3 e5 9. exd4 exd4 10. d3 0-0 11. a3 a5 12. Re1 Bd6 13. Bc1 h6 14. Ra2 Bf5 15. Nh4 Bg4 16. f3 Be6 17. Rae2 g5 18. Ng6 Re8 19. f4 Kg7 20. Ne5 Bxe5 21. fxe5 Nd7 22. Bxc6 bxc6 23. Rf2 Qb8 24. h4 Nxe5 25. hxg5 Bg4 26. gxh6+ Kh8 27. Qd2 Nf3+ 28. Rxf3 Rxe1+ 29. Qxe1 Bxf3 30. Qf2 Qe5 31. Qxf3 Qe6 32. Nd2 f5 33. Nf1 Rb8 34. Qf4 Rb7 35. Bd2 Kh7 36. Qg5 Qf7 37. Nh2 Rxb3 38. Nf3 Rb7 39. Qd8 Qe7 40. Ng5+ Kxh6 41. Qg8 f4 42. Nf7+ Kh5 43. Qh7+ Kg4 44. Qg6+ Kh3 45. Ng5+ 1-0

[Event "EU-Cup 35th"]
[Site "Ulcinj"]
[Date "2019.11.15"]
[Round "6.23"]
[White "Gashi, Blerim"]
[Black "Ahn, Martin"]
[Result "1/2-1/2"]
[WhiteElo "2012"]
[BlackElo "2154"]
[PlyCount "66"]
[EventDate "2019.11.10"]
[EventType "team-swiss"]
[EventRounds "7"]
[EventCountry "MNE"]
[SourceTitle "EXT 2021"]
[Source "ChessBase"]
[SourceDate "2020.10.23"]
[SourceVersion "1"]
[SourceVersionDate "2020.10.23"]
[SourceQuality "1"]
[WhiteTeam "Prishtina"]
[BlackTeam "Eupen Rochade"]
[WhiteTeamCountry "KOS"]
[BlackTeamCountry "BEL"]

1. d4 g6 2. e4 Bg7 3. Nf3 d6 4. h3 a6 5. Bc4 c5 6. c3 Qc7 7. Bb3 c4 8. Bc2 Nd7 9. a4 b6 10. Na3 Rb8 11. Bb1 b5 12. axb5 axb5 13. Nc2 Ngf6 14. Nb4 0-0 15. 0-0 Bb7 16. Re1 Ra8 17. Rxa8 Rxa8 18. Bc2 e6 19. Bd2 Nb8 20. Bf4 Nc6 21. Nxc6 Qxc6 22. Qc1 Ra2 23. b4 cxb3 24. Bxb3 Ra8 25. Nd2 Rc8 26. c4 bxc4 27. Qxc4 Qxc4 28. Bxc4 Nxe4 29. Bxe6 fxe6 30. Nxe4 Bxd4 31. Nxd6 Rf8 32. Bg3 Bd5 33. Re2 Kg7 1/2-1/2

[Event "KOS-chT"]
[Site "Pristina"]
[Date "2018.05.09"]
[Round "3.4"]
[White "Xhakaj, Shehat"]
[Black "Gashi, Blerim"]
[Result "1/2-1/2"]
[WhiteElo "2033"]
[BlackElo "2067"]
[PlyCount "28"]
[EventDate "2018.05.07"]
[EventType "team-tourn"]
[EventRounds "7"]
[EventCountry "KOS"]
[SourceTitle "EXT 2019"]
[Source "ChessBase"]
[SourceDate "2018.10.10"]
[SourceVersion "1"]
[SourceVersionDate "2018.10.10"]
[SourceQuality "1"]
[WhiteTeam "Drenasi"]
[BlackTeam "Pristina"]
[WhiteTeamCountry "KOS"]
[BlackTeamCountry "KOS"]

1. Nf3 c5 2. e4 Nc6 3. Bc4 e5 4. 0-0 Be7 5. Nc3 Nf6 6. d3 0-0 7. Be3 d6 8. h3 Be6 9. Nd5 Qd7 10. Qd2 Nd4 11. Nxd4 cxd4 12. Bg5 Nxd5 13. exd5 Bf5 14. Bxe7 Qxe7 1/2-1/2

[Event "KOS-chT"]
[Site "Pristina"]
[Date "2018.05.08"]
[Round "2.4"]
[White "Gashi, Blerim"]
[Black "Rukovci, Shemsi"]
[Result "1-0"]
[WhiteElo "2067"]
[BlackElo "1993"]
[PlyCount "81"]
[EventDate "2018.05.07"]
[EventType "team-tourn"]
[EventRounds "7"]
[EventCountry "KOS"]
[SourceTitle "EXT 2019"]
[Source "ChessBase"]
[SourceDate "2018.10.10"]
[SourceVersion "1"]
[SourceVersionDate "2018.10.10"]
[SourceQuality "1"]
[WhiteTeam "Pristina"]
[BlackTeam "Decani"]
[WhiteTeamCountry "KOS"]
[BlackTeamCountry "KOS"]

1. Nf3 Nf6 2. c4 e6 3. a3 d5 4. d4 c6 5. Qc2 g6 6. h3 Bg7 7. Bf4 0-0 8. e3 dxc4 9. Bxc4 Nd5 10. Bg3 Qe7 11. 0-0 Nd7 12. Nc3 N7b6 13. Bb3 Bd7 14. Ne4 Rfd8 15. Nc5 Be8 16. e4 Nf6 17. Bh4 Qc7 18. e5 Nfd5 19. Bxd8 Rxd8 20. Ng5 Qe7 21. Nge4 Nc8 22. Rad1 b6 23. Na4 Qh4 24. Nac3 Nce7 25. Ne2 Nf5 26. N2g3 Nfe7 27. Qe2 h5 28. Nd6 Bd7 29. Qf3 Rf8 30. Qe4 Nf4 31. Ne2 Nxh3+ 32. gxh3 Qxh3 33. Rd3 Qg4+ 34. Qxg4 hxg4 35. Rg3 c5 36. Rxg4 cxd4 37. f4 Nf5 38. Nxf5 gxf5 39. Rg3 Bb5 40. Kf2 Bxe2 41. Kxe2 1-0

[Event "KOS CupT"]
[Site "Pristina"]
[Date "2017.11.26"]
[Round "5.1"]
[White "Asllani, Muhamet"]
[Black "Gashi, Blerim"]
[Result "1/2-1/2"]
[WhiteElo "2006"]
[BlackElo "2092"]
[PlyCount "61"]
[EventDate "2017.11.11"]
[EventType "team-tourn"]
[EventRounds "7"]
[EventCountry "KOS"]
[SourceTitle "EXT 2019"]
[Source "ChessBase"]
[SourceDate "2018.10.10"]
[SourceVersion "1"]
[SourceVersionDate "2018.10.10"]
[SourceQuality "1"]
[WhiteTeam "Kosovo"]
[BlackTeam "Fushe Kosova"]
[WhiteTeamCountry "KOS"]
[BlackTeamCountry "KOS"]

1. e4 e5 2. Nf3 Nc6 3. d4 exd4 4. Bc4 Bc5 5. c3 dxc3 6. Bxf7+ Kxf7 7. Qd5+ Kf8 8. Qxc5+ Qe7 9. Qxc3 Qxe4+ 10. Be3 Nge7 11. 0-0 d6 12. Nbd2 Qf5 13. Rac1 h6 14. Nd4 Qf7 15. N2f3 Qxa2 16. Nxc6 bxc6 17. b3 Rb8 18. Nd2 Qa3 19. Rfe1 Qb4 20. Qd3 Bf5 21. Qe2 Re8 22. Rc4 Qb5 23. Qf3 Kg8 24. Bd4 Qd5 25. Qxd5+ cxd5 26. Rxc7 Kf7 27. Bxg7 Kxg7 28. Rexe7+ Rxe7 29. Rxe7+ Kf6 30. Rxa7 Re8 31. h3 1/2-1/2

[Event "KOS CupT"]
[Site "Pristina"]
[Date "2017.11.11"]
[Round "1.3"]
[White "Gashi, Blerim"]
[Black "Sadiku, Bedri"]
[Result "0-1"]
[WhiteElo "2092"]
[BlackElo "2223"]
[PlyCount "63"]
[EventDate "2017.11.11"]
[EventType "team-tourn"]
[EventRounds "7"]
[EventCountry "KOS"]
[SourceTitle "EXT 2019"]
[Source "ChessBase"]
[SourceDate "2018.10.10"]
[SourceVersion "1"]
[SourceVersionDate "2018.10.10"]
[SourceQuality "1"]
[WhiteTeam "Fushe Kosova"]
[BlackTeam "Pristina"]
[WhiteTeamCountry "KOS"]
[BlackTeamCountry "KOS"]

1. Nf3 g6 2. d4 Bg7 3. e4 d6 4. c3 Nf6 5. Qc2 0-0 6. Bg5 h6 7. Bf4 Nh5 8. Be3 e5 9. dxe5 dxe5 10. Bc4 Qe7 11. 0-0 Be6 12. Bb3 Nd7 13. Nbd2 b6 14. Rfe1 Rad8 15. Nf1 a5 16. Rad1 Bg4 17. Qe2 Nc5 18. Bc2 Ne6 19. h3 Nef4 20. Bxf4 Nxf4 21. Qe3 Be6 22. b3 Qa3 23. Bb1 Qb2 24. Rd2 Rxd2 25. N1xd2 Rd8 26. h4 g5 27. hxg5 hxg5 28. Nf1 f6 29. Ng3 Bf8 30. Qc1 Ba3 31. Qxb2 Bxb2 32. c4 0-1

[Event "KOS-ch"]
[Site "Pristina"]
[Date "2017.09.23"]
[Round "4"]
[White "Gashi, Blerim"]
[Black "Saraci, Osman"]
[Result "0-1"]
[WhiteElo "2160"]
[BlackElo "2078"]
[PlyCount "106"]
[EventDate "2017.09.16"]
[EventType "tourn"]
[EventRounds "11"]
[EventCountry "KOS"]
[SourceTitle "EXT 2019"]
[Source "ChessBase"]
[SourceDate "2018.10.10"]
[SourceVersion "1"]
[SourceVersionDate "2018.10.10"]
[SourceQuality "1"]

1. e4 c5 2. Nf3 d6 3. Bc4 Nf6 4. d3 e6 5. Bg5 Be7 6. 0-0 Nc6 7. c3 Bd7 8. Bb3 0-0 9. Nbd2 b5 10. h3 Qb6 11. Be3 e5 12. Nh2 a5 13. Qe2 a4 14. Bc2 d5 15. Rfd1 d4 16. Bg5 a3 17. b4 dxc3 18. bxc5 Bxc5 19. Nb3 Nd4 20. Nxd4 Bxd4 21. Rab1 Rfc8 22. Nf3 Be6 23. Ra1 Nd7 24. Be3 b4 25. Rdb1 Qc5 26. Ng5 Ra6 27. Rf1 Nf8 28. Nxe6 Nxe6 29. g3 Qd6 30. Rab1 Rf8 31. Bb3 Nc5 32. Bc4 Rb6 33. Kg2 Na4 34. f4 Nb2 35. Bd5 Qc5 36. Bxd4 Qxd4 37. fxe5 Qxd3 38. Qf2 Qd2 39. Qxd2 cxd2 40. Rbd1 Nxd1 41. Rxd1 Re8 42. Rxd2 Rxe5 43. Bb3 Rb8 44. Rd4 Kf8 45. g4 Ke7 46. h4 Rc5 47. Ba4 Rb7 48. Kf3 h6 49. Kf4 g5+ 50. hxg5 hxg5+ 51. Ke3 Rc3+ 52. Kf2 Ke6 53. Rd5 Ra7 0-1

[Event "KOS-ch"]
[Site "Pristina"]
[Date "2017.09.16"]
[Round "1"]
[White "Zenuni, Albert"]
[Black "Gashi, Blerim"]
[Result "1/2-1/2"]
[WhiteElo "1985"]
[BlackElo "2160"]
[PlyCount "86"]
[EventDate "2017.09.16"]
[EventType "tourn"]
[EventRounds "11"]
[EventCountry "KOS"]
[SourceTitle "EXT 2019"]
[Source "ChessBase"]
[SourceDate "2018.10.10"]
[SourceVersion "1"]
[SourceVersionDate "2018.10.10"]
[SourceQuality "1"]

1. c4 e5 2. Nc3 Nf6 3. g3 d5 4. cxd5 Nxd5 5. Bg2 c6 6. Nxd5 cxd5 7. Qb3 e4 8. d3 f5 9. Nh3 Nc6 10. 0-0 Be6 11. dxe4 fxe4 12. Nf4 Bf7 13. Rd1 Qd7 14. Qb5 a6 15. Qb6 g5 16. Nh3 h6 17. g4 Bd6 18. Be3 0-0 19. f3 Ne5 20. fxe4 Nxg4 21. exd5 Bc7 22. Qd4 Qd6 23. Nf2 Nxe3 24. Qxe3 Rae8 25. Qg3 Qxg3 26. hxg3 Rxe2 27. Ne4 Bg6 28. Re1 Rxb2 29. Rab1 Rxb1 30. Rxb1 b5 31. Rc1 Bxe4 32. Bxe4 Bxg3 33. Rc6 Rf4 34. Bg2 Kg7 35. Rxa6 Rd4 36. Kf1 b4 37. Ke2 Bf4 38. Bf3 h5 39. Bxh5 Rxd5 40. Kf3 Rd4 41. Be8 Bd2 42. Bh5 Rf4+ 43. Ke2 Rd4 1/2-1/2